000 00421nam a22001697a 4500
003 NUST - PNEC
005 20170116181158.0
008 160118b xxu||||| |||| 00| 0 eng d
020 _a-
040 _cLIBRARY
082 _a629.8 EDT
100 _916105
_aMOSCIMSKI
245 _aAdvanecd control with mat lab and simulink
_cMoscimski jerzy
260 _cc1995.
650 _916107
_aContorl
_xME
942 _2ddc
_cBK
999 _c71307
_d71307